| 000 | 00405nam a2200157Ia 4500 | ||
|---|---|---|---|
| 008 | 130318s9999 xx 000 0 und d | ||
| 020 | _a9788120328976 | ||
| 082 | _a006.312 SOM/I | ||
| 100 | _aSoman, K.P | ||
| 245 | _aInsight into data mining: Theory and practice | ||
| 260 |
_bPHI Learning _aNew Delhi _c2006 |
||
| 300 | _a403 | ||
| 650 | _aDATA MINING | ||
| 700 | _aAjay, V | ||
| 700 | _aDiwakar, Shyam | ||
| 999 |
_c1763 _d1763 |
||